000 00545nam a2200181Ia 4500
003 LDD
008 190117s9999 xx 000 0 und d
020 _c₹35
040 _cLDD
041 _ahi
082 _a8B3.5 ठा1204घ
100 _aठाकुर, रवीन्द्रनाथ
245 0 _aघर और बाहर
_cरवीन्द्रनाथ ठाकुर
246 _aGhar aur bahar
260 _aदिल्ली
_bसरस्वती विहार
_c1986
300 _a190पृ.
942 _2ddc
_cH
999 _c159953
_d159953